Radioaktivní izotopy

Gespeichert in:
Bibliographische Detailangaben
1. Verfasser: Hála, Jiří (Verfasst von)
Format: Buch
Sprache:Tschechisch
Veröffentlicht: Tišnov : Sursum, 2013
Tags: Tag hinzufügen
Keine Tags, Fügen Sie das erste Tag hinzu!

MARC

LEADER 00000nam a22000003a 4500
001 stu284506
005 20150617230250.8
008 140220s--------xr------------------cze-d
020 |a 978-80-7323-248-1 
040 |a STU  |b slo 
041 0 |a cze 
044 |a xr 
080 |a 621.039.8 
100 1 |a Hála, Jiří  |4 aut 
245 1 |a Radioaktivní izotopy 
260 |a Tišnov :  |b Sursum,  |c 2013 
300 |a 374 s 
996 |b 284EK89315  |c E*89315  |l EE36  |s P  |a 0  |w stu284506_0001